[Event "EOBCC 2020"]
[Site "Online"]
[Date "2020.12.18"]
[Round "9.63"]
[White "Mammadova, Gulnar"]
[Black "Stocek, Jiri"]
[Result "0-1"]
[WhiteElo "2382"]
[BlackElo "2604"]
[Annotator "ChessBase"]
[PlyCount "162"]
[EventDate "2020.12.18"]
[EventType "tourn"]
[EventCountry "NET"]
[SourceTitle "playchess.com"]
[Source "ChessBase"]
[SourceQuality "1"]

1. e4 c5 2. Nf3 d6 3. Bb5+ Nd7 4. a4 a6 5. Bc4 e6 6. Nc3 d5 7. exd5 Nb6 8. dxe6 Nxc4 9. exf7+ Kxf7 10. O-O Nf6 11. Qe2 Nd6 12. Qe5 Nf5 13. d3 Bd6 14. Ng5+ Kg6 15. Qe2 Re8 16. Nge4 Nd4 17. Qe3 h6 18. f4 Bf5 19. h3 Kh7 20. g4 Bxe4 21. dxe4 Nxc2 22. Qd3 Nxa1 23. e5+ Kh8 24. exd6 Nb3 25. g5 Ng8 26. Be3 Nd4 27. Bxd4 cxd4 28. Qxd4 Qd7 29. f5 hxg5 30. Ne4 Rxe4 31. Qxe4 Qxd6 32. Qxb7 Rb8 33. Qg2 Qd4+ 34. Kh1 Rxb2 35. Qf3 Nf6 36. Rd1 Qe4 37. Rd8+ Kh7 38. Qxe4 Nxe4 39. Ra8 Rb6 40. Kg2 Nc5 41. Kf3 Nxa4 42. Kg4 Nc3 43. Kxg5 Ne4+ 44. Kf4 Nf6 45. Kg5 Rd6 46. Ra7 Kg8 47. Ra8+ Kf7 48. Ra7+ Kf8 49. Ra8+ Ke7 50. Ra7+ Nd7 51. h4 Rb6 52. h5 Ke8 53. Ra8+ Ke7 54. Ra7 Rd6 55. Ra8 Nf6 56. Ra7+ Kf8 57. Ra8+ Kf7 58. Ra7+ Kg8 59. Ra8+ Kh7 60. h6 gxh6+ 61. Kf4 Rb6 62. Ke5 Nd7+ 63. Kd5 Rf6 64. Ra7 Rf7 65. Ke6 Kg7 66. Kd6 Nf6 67. Rxa6 h5 68. Ke5 Re7+ 69. Kf4 Re4+ 70. Kf3 Rb4 71. Ra8 Kh6 72. Ra5 Kg5 73. Ke3 h4 74. Kf3 Rb3+ 75. Kg2 h3+ 76. Kh1 Ng4 77. f6+ Kxf6 78. Ra1 Kg5 79. Rg1 Kh4 80. Rf1 Rg3 81. Re1 Nf2+ 0-1

[Event "EOBCC 2020"]
[Site "Online"]
[Date "2020.12.18"]
[Round "9.64"]
[White "Remizov, Yaroslav"]
[Black "Agrest, Evgenij"]
[Result "0-1"]
[WhiteElo "2385"]
[BlackElo "2568"]
[Annotator "ChessBase"]
[PlyCount "178"]
[EventDate "2020.12.18"]
[EventType "tourn"]
[EventCountry "NET"]
[SourceTitle "playchess.com"]
[Source "ChessBase"]
[SourceQuality "1"]

1. Nf3 d6 2. d4 g6 3. c4 Bg7 4. b3 Bg4 5. Bb2 c5 6. Nbd2 Nc6 7. e3 cxd4 8. Be2 Nh6 9. Nxd4 Nxd4 10. Bxg4 Nxg4 11. Bxd4 Bxd4 12. exd4 Qd7 13. O-O O-O 14. Re1 Nf6 15. Qf3 Kg7 16. Rad1 e6 17. Ne4 Nxe4 18. Rxe4 d5 19. Rh4 Rad8 20. c5 f6 21. Qe3 g5 22. Rh3 Rde8 23. f4 gxf4 24. Qxf4 Kh8 25. Rf1 Qg7 26. Rg3 Qe7 27. Qh6 f5 28. Re3 Qf6 29. Qxf6+ Rxf6 30. g3 Kg7 31. b4 Kf7 32. b5 Ke7 33. Ra3 Ra8 34. Rff3 Rg6 35. Ra4 Rg4 36. h3 Re4 37. Kf2 Kf6 38. Rfa3 a6 39. b6 Rc8 40. Re3 e5 41. dxe5+ Kxe5 42. Raa3 Rxc5 43. Rac3 Rb5 44. Rxe4+ fxe4 45. Rc7 Rxb6 46. Rxh7 Kd4 47. g4 Rb2+ 48. Kg3 b5 49. g5 Rb1 50. Re7 Rg1+ 51. Kf4 Rf1+ 52. Kg4 e3 53. h4 Kd3 54. g6 e2 55. h5 e1=Q 56. Rxe1 Rxe1 57. h6 Ke4 58. Kg5 Rg1+ 59. Kf6 d4 60. h7 Rf1+ 61. Kg7 Rh1 62. h8=Q Rxh8 63. Kxh8 d3 64. g7 d2 65. g8=Q d1=Q 66. Qe6+ Kd3 67. Qxa6 Qa4 68. Qg6+ Kc3 69. Qg3+ Kb2 70. Qf2+ Qc2 71. Qb6 Qc3+ 72. Kh7 b4 73. Qa5 Qa3 74. Qb5 Kxa2 75. Kg6 b3 76. Qc4 Qd6+ 77. Kf5 Kb2 78. Ke4 Qd2 79. Qb5 Qc2+ 80. Ke3 Qc3+ 81. Ke2 Kc2 82. Qf5+ Kb2 83. Qb5 Kb1 84. Kd1 Qc2+ 85. Ke1 b2 86. Qb6 Qc3+ 87. Kd1 Qd3+ 88. Ke1 Kc2 89. Qc6+ Qc3+ 0-1

[Event "EOBCC 2020"]
[Site "Online"]
[Date "2020.12.18"]
[Round "9.65"]
[White "Dudin, Gleb"]
[Black "Hayrapetyan, Hovik"]
[Result "1/2-1/2"]
[WhiteElo "2395"]
[BlackElo "2488"]
[Annotator "ChessBase"]
[PlyCount "72"]
[EventDate "2020.12.18"]
[EventType "tourn"]
[EventCountry "NET"]
[SourceTitle "playchess.com"]
[Source "ChessBase"]
[SourceQuality "1"]

1. d4 Nf6 2. c4 e6 3. Nf3 d5 4. g3 dxc4 5. Bg2 Nc6 6. O-O Rb8 7. e3 b5 8. Nfd2 Bb7 9. a4 a6 10. axb5 axb5 11. b3 cxb3 12. Nxb3 Be7 13. Nc3 Nb4 14. Bxb7 Rxb7 15. Ba3 O-O 16. Na5 Rb6 17. Qb1 Nbd5 18. Bxe7 Qxe7 19. Rc1 Nxc3 20. Rxc3 Nd5 21. Rc5 b4 22. Nc4 Rb7 23. Na5 Rb6 24. Nc4 Rbb8 25. Ne5 Ra8 26. Rxa8 Rxa8 27. Kg2 Qd6 28. e4 Nc3 29. Qxb4 Na4 30. Qb7 Rf8 31. Qxc7 Qxd4 32. Rc4 Qd1 33. Nd7 Re8 34. Ne5 Rf8 35. Nd7 Re8 36. Ne5 Rf8 1/2-1/2

[Event "EOBCC 2020"]
[Site "Online"]
[Date "2020.12.18"]
[Round "9.66"]
[White "Kourkoulos-Arditis, Stamatis"]
[Black "Globus, Or"]
[Result "1/2-1/2"]
[WhiteElo "2485"]
[BlackElo "2399"]
[Annotator "ChessBase"]
[PlyCount "118"]
[EventDate "2020.12.18"]
[EventType "tourn"]
[EventCountry "NET"]
[SourceTitle "playchess.com"]
[Source "ChessBase"]
[SourceQuality "1"]

1. d4 Nf6 2. c4 g6 3. Nc3 d5 4. cxd5 Nxd5 5. e4 Nxc3 6. bxc3 Bg7 7. Bb5+ c6 8. Ba4 O-O 9. Ne2 Qa5 10. Bb3 Rd8 11. O-O e6 12. Be3 b6 13. Re1 c5 14. d5 Nc6 15. Rc1 Ne5 16. c4 exd5 17. exd5 Bf5 18. Ng3 Bg4 19. f3 Bd7 20. h3 b5 21. cxb5 c4 22. Bxc4 Nxc4 23. Rxc4 Bxb5 24. Rc5 Bf8 25. Rc1 Qxa2 26. Ne4 Bg7 27. d6 Bd7 28. Bd4 Qa4 29. Qxa4 Bxa4 30. Bxg7 Kxg7 31. Rc7 Rd7 32. Nc5 Rxc7 33. dxc7 Bc6 34. Ra1 Kf8 35. Rxa7 Rc8 36. Kf2 Ke7 37. Nd3 Kd6 38. Ke3 Rxc7 39. Rxc7 Kxc7 40. Ne5 Bd5 41. Ng4 h5 42. Nf6 Be6 43. Kf4 Kd6 44. Kg5 Ke5 45. f4+ Kd4 46. g4 hxg4 47. hxg4 Ke3 48. Nh7 Ke4 49. Nf8 Bb3 50. Nd7 Kd5 51. Kf6 Ke4 52. Kg5 Kd5 53. Nf6+ Ke6 54. Ng8 Bd1 55. f5+ gxf5 56. gxf5+ Ke5 57. Nf6 Bc2 58. Ng4+ Kd6 59. Kf6 Bxf5 1/2-1/2

[Event "EOBCC 2020"]
[Site "Online"]
[Date "2020.12.18"]
[Round "9.67"]
[White "Roshka, Yevgeniy"]
[Black "Lenaerts, Lennert"]
[Result "0-1"]
[WhiteElo "2476"]
[BlackElo "2357"]
[Annotator "ChessBase"]
[PlyCount "162"]
[EventDate "2020.12.18"]
[EventType "tourn"]
[EventCountry "NET"]
[SourceTitle "playchess.com"]
[Source "ChessBase"]
[SourceQuality "1"]

1. d4 d5 2. c4 c6 3. Nf3 Nf6 4. Nc3 dxc4 5. e4 b5 6. Be2 b4 7. Na4 Nxe4 8. Bxc4 e6 9. O-O Be7 10. Re1 Nf6 11. Bg5 Nbd7 12. Qe2 Nb6 13. Ne5 Nxa4 14. Nxc6 Qd6 15. Bb5 Bd7 16. Ne5 Nb6 17. Bf4 Qd5 18. Nxd7 Nbxd7 19. Rac1 O-O 20. Bc6 Qxd4 21. Be3 Qe5 22. Bxa8 Rxa8 23. Qa6 h6 24. Qc6 Re8 25. Rcd1 Rd8 26. Bb6 Qxe1+ 27. Rxe1 Nxb6 28. h3 Nfd5 29. Rd1 Bf6 30. a3 a5 31. axb4 axb4 32. Rd2 Rc8 33. Qb5 Rc1+ 34. Kh2 Nc4 35. Re2 Nxb2 36. Qe8+ Kh7 37. Qxf7 Nf4 38. Re4 e5 39. Qb3 Nbd3 40. g3 Nxf2 41. gxf4 Nxe4 42. Qxb4 Nc5 43. Qb2 Rc4 44. f5 e4 45. Qg2 Kg8 46. Qg6 Kf8 47. Qg4 Rc2+ 48. Kg1 e3 49. Qb4 Rc1+ 50. Kg2 e2 51. Qb8+ Kf7 52. Qc7+ Be7 53. f6 e1=Q 54. fxe7 Qxe7 55. Qf4+ Kg8 56. Qxc1 Ne4 57. Qc4+ Kh8 58. Qc8+ Kh7 59. Qf5+ g6 60. Qc8 Nf6 61. h4 h5 62. Qa8 Ng8 63. Qc8 Nh6 64. Qc4 Nf5 65. Kh3 Qxh4+ 66. Qxh4 Nxh4 67. Kxh4 Kh6 68. Kg3 g5 69. Kh3 Kg6 70. Kg3 Kf5 71. Kf3 h4 72. Kg2 g4 73. Kh2 Kf4 74. Kg2 h3+ 75. Kh2 Kf3 76. Kh1 g3 77. Kg1 g2 78. Kh2 Kf2 79. Kxh3 g1=Q 80. Kh4 Qg6 81. Kh3 Qg3# 0-1

[Event "EOBCC 2020"]
[Site "Online"]
[Date "2020.12.18"]
[Round "9.68"]
[White "Matinian, Nikita"]
[Black "Godzwon, Iwo"]
[Result "1-0"]
[WhiteElo "2470"]
[BlackElo "2347"]
[Annotator "ChessBase"]
[PlyCount "115"]
[EventDate "2020.12.18"]
[EventType "tourn"]
[EventCountry "NET"]
[SourceTitle "playchess.com"]
[Source "ChessBase"]
[SourceQuality "1"]

1. Nf3 c5 2. c4 Nc6 3. Nc3 g6 4. h4 Nf6 5. d3 Bg7 6. Bg5 h6 7. Bxf6 Bxf6 8. h5 g5 9. Qd2 d6 10. g3 Bg4 11. Bg2 Qa5 12. Nd5 Qxd2+ 13. Kxd2 Kd7 14. Nxf6+ exf6 15. Ne1 Rhe8 16. Bxc6+ bxc6 17. f3 Be6 18. Nc2 f5 19. Ne3 d5 20. Rac1 Kd6 21. b3 a5 22. d4 cxd4 23. c5+ Ke5 24. Nc2 f4 25. gxf4+ gxf4 26. Rh4 Rg8 27. Ne1 Bf5 28. Ra1 a4 29. b4 a3 30. Nd3+ Bxd3 31. Kxd3 Ra4 32. Rb1 Rb8 33. Rg4 Raxb4 34. Rxb4 Rxb4 35. Rg8 Rc4 36. Rh8 Rxc5 37. Rxh6 Rc1 38. Rh8 c5 39. h6 Rh1 40. h7 c4+ 41. Kd2 Kf6 42. Rd8 Rxh7 43. Rxd5 c3+ 44. Kd3 Rh1 45. Rxd4 Ra1 46. Rxf4+ Ke6 47. Re4+ Kd5 48. Kxc3 Rxa2 49. Kb3 Ra1 50. Re7 f5 51. f4 a2 52. Re5+ Kd6 53. e3 Rh1 54. Kxa2 Re1 55. Kb3 Re2 56. Kc3 Re1 57. Kd2 Ra1 58. Rxf5 1-0

[Event "EOBCC 2020"]
[Site "Online"]
[Date "2020.12.18"]
[Round "9.69"]
[White "Firat, Burak"]
[Black "Djordjevic, Vuk"]
[Result "1/2-1/2"]
[WhiteElo "2474"]
[BlackElo "2350"]
[Annotator "ChessBase"]
[PlyCount "190"]
[EventDate "2020.12.18"]
[EventType "tourn"]
[EventCountry "NET"]
[SourceTitle "playchess.com"]
[Source "ChessBase"]
[SourceQuality "1"]

1. c4 e5 2. Nc3 Nc6 3. Nf3 g6 4. d4 exd4 5. Nxd4 Bg7 6. Nxc6 bxc6 7. e4 d6 8. Be2 Ne7 9. Bg5 h6 10. Be3 O-O 11. Qd2 Kh7 12. O-O f5 13. Rad1 fxe4 14. Nxe4 Nf5 15. Ng3 Nxe3 16. Qxe3 Bxb2 17. Bd3 Bd7 18. Rb1 Qf6 19. Ne4 Qe5 20. Kh1 Bd4 21. Qd2 Bf5 22. f4 Qg7 23. Ng3 Bxd3 24. Qxd3 c5 25. Rb7 Rf7 26. f5 gxf5 27. Nxf5 Qg6 28. g4 Kh8 29. h3 Re8 30. Qf3 Re3 31. Qg2 Re8 32. Rxa7 Ref8 33. a4 Qe6 34. a5 Qxc4 35. a6 Qd3 36. Rf3 Qb5 37. Rf1 c4 38. Rb7 Qxa6 39. Qe4 Be5 40. Rbb1 c3 41. Qe3 Rf6 42. Rbc1 Qc6+ 43. Kg1 Qc5 44. Qxc5 dxc5 45. Rfe1 Bd4+ 46. Kg2 Ra8 47. Re7 c6 48. Kf3 Ra3 49. Rb1 Ra8 50. Rc1 Rg6 51. Rc2 Rd8 52. Kf4 Bf6 53. Rc7 Bg5+ 54. Kf3 Bd2 55. Ra2 Rf8 56. Ke4 Kg8 57. Kd3 Rgf6 58. Kc2 Rxf5 59. gxf5 Rxf5 60. Ra8+ Rf8 61. Raa7 Rf6 62. Rc8+ Rf8 63. Rxc6 Bg5 64. h4 Be3 65. Re6 Bd2 66. Re5 Rd8 67. Rxc5 Be3 68. Rac7 Bxc5 69. Rxc5 Kg7 70. Kxc3 Kg6 71. h5+ Kf6 72. Kc2 Rd4 73. Kc3 Rd6 74. Kc2 Rd8 75. Kc3 Rg8 76. Kc2 Rg5 77. Rc6+ Kg7 78. Kd3 Rxh5 79. Ke4 Rh3 80. Kf4 Ra3 81. Rc7+ Kg6 82. Rc6+ Kg7 83. Kf5 Ra5+ 84. Kg4 Kh7 85. Rc7+ Kg6 86. Rc6+ Kh7 87. Rc7+ Kg6 88. Rb7 Ra4+ 89. Kg3 Ra5 90. Rb6+ Kg5 91. Rb3 Rf5 92. Rc3 Re5 93. Rb3 Rf5 94. Rc3 Re5 95. Rb3 Rf5 1/2-1/2

[Event "EOBCC 2020"]
[Site "Online"]
[Date "2020.12.18"]
[Round "9.70"]
[White "Zarubitski, Viachaslau"]
[Black "Marn, Jan"]
[Result "1-0"]
[WhiteElo "2448"]
[BlackElo "2346"]
[Annotator "NA"]
[PlyCount "87"]
[EventDate "2020.12.18"]
[EventType "tourn"]
[EventCountry "NET"]
[SourceTitle "playchess.com"]
[Source "ChessBase"]
[SourceQuality "1"]

1. e4 e5 2. Nf3 Nc6 3. Bb5 a6 4. Ba4 Nf6 5. O-O Be7 6. Re1 b5 7. Bb3 d6 8. c3 O-O 9. h3 Na5 10. Bc2 c5 11. d4 Qc7 12. Nbd2 cxd4 13. cxd4 Nc6 14. Nb3 a5 15. d5 Nb4 16. Bb1 a4 17. Bd2 Na6 18. Na5 Bd7 19. b4 axb3 20. axb3 b4 21. Bd3 Nc5 22. Bxb4 Rfb8 23. Bxc5 Qxc5 24. Qd2 Bd8 25. Nb7 Qb6 26. Nxd8 Rxd8 27. Rxa8 Rxa8 28. Bc4 Bb5 29. Qb4 Rb8 30. Bxb5 Qxb5 31. Qxd6 Qb4 32. Qxe5 Qxb3 33. Qc7 Re8 34. Ne5 Rf8 35. Nd7 Nxd7 36. Qxd7 Qb4 37. Re3 Qb1+ 38. Kh2 g6 39. Qe7 Qb2 40. d6 Qxf2 41. Rf3 Qd4 42. d7 Qd2 43. Rxf7 Rxf7 44. d8=Q+ 1-0

[Event "EOBCC 2020"]
[Site "Online"]
[Date "2020.12.18"]
[Round "9.71"]
[White "Aliyev, Ravan"]
[Black "Arabidze, Meri"]
[Result "0-1"]
[WhiteElo "2330"]
[BlackElo "2437"]
[Annotator "ChessBase"]
[PlyCount "134"]
[EventDate "2020.12.18"]
[EventType "tourn"]
[EventCountry "NET"]
[SourceTitle "playchess.com"]
[Source "ChessBase"]
[SourceQuality "1"]

1. d4 Nf6 2. c4 e6 3. Nf3 d5 4. Nc3 Nbd7 5. Bg5 Be7 6. e3 h6 7. Bh4 O-O 8. Bd3 c5 9. cxd5 Nxd5 10. Bxe7 Qxe7 11. O-O Nxc3 12. bxc3 b6 13. Qe2 Bb7 14. e4 Rac8 15. e5 Rfd8 16. Qe3 Nf8 17. Rac1 Bd5 18. Nd2 Bxa2 19. Ne4 Bd5 20. Nd6 Rc7 21. f4 Rxd6 22. exd6 Qxd6 23. f5 exf5 24. Bxf5 cxd4 25. cxd4 Re7 26. Qf2 Re8 27. Bd3 Ng6 28. Rfe1 Rd8 29. g3 a5 30. Bb5 Bb7 31. Bc4 Bd5 32. Bb5 Nf8 33. Rf1 Qg6 34. Qe3 Ne6 35. Bc6 Qh5 36. Qe5 Qxe5 37. dxe5 Bxc6 38. Rxc6 b5 39. Rb6 b4 40. Ra1 Rd5 41. Ra6 Rxe5 42. R1xa5 Re2 43. Rb6 Nd4 44. Rxb4 Nf3+ 45. Kf1 Rxh2 46. Rf4 Ng5 47. Rf2 Rh1+ 48. Kg2 Rc1 49. Rfa2 Kh7 50. Ra8 Kg6 51. R8a6+ f6 52. R6a5 h5 53. R5a4 Rc3 54. R4a3 Rc4 55. Ra4 Rc5 56. Ra5 Rc1 57. R5a3 Ne4 58. Ra5 f5 59. Ra6+ Kg5 60. Ra7 g6 61. R7a6 Rc3 62. R6a3 Rc5 63. Ra5 Rc1 64. Ra6 Nc3 65. Rb2 Nd5 66. Ra5 Ne3+ 67. Kf2 Nd1+ 0-1

[Event "EOBCC 2020"]
[Site "Online"]
[Date "2020.12.18"]
[Round "9.72"]
[White "Grigorian, Spartak"]
[Black "Owczarzak, Jerzy"]
[Result "0-1"]
[WhiteElo "2433"]
[BlackElo "2326"]
[Annotator "NA"]
[PlyCount "68"]
[EventDate "2020.12.18"]
[EventType "tourn"]
[EventCountry "NET"]
[SourceTitle "playchess.com"]
[Source "ChessBase"]
[SourceQuality "1"]

1. d4 b5 2. e4 Bb7 3. Bxb5 Bxe4 4. Nf3 Nf6 5. O-O e6 6. Re1 Be7 7. c4 O-O 8. Nc3 Bb7 9. Bg5 h6 10. Bh4 d6 11. Qd3 Nbd7 12. Rad1 Nb6 13. Ba4 Nxa4 14. Nxa4 Rb8 15. b3 Re8 16. Nc3 Qd7 17. Qe3 a5 18. h3 Ra8 19. Re2 Nh5 20. Bxe7 Qxe7 21. Rc2 Qf6 22. Ne4 Qg6 23. Re2 a4 24. Nh4 Qxe4 25. Qxe4 Bxe4 26. Rxe4 axb3 27. axb3 Reb8 28. Rb1 Nf6 29. Re3 d5 30. Rc3 Ne4 31. Rc2 dxc4 32. f3 cxb3 33. Rxc7 Nd2 34. Rb2 Ra2 0-1

[Event "EOBCC 2020"]
[Site "Online"]
[Date "2020.12.18"]
[Round "9.73"]
[White "Eren, Ataberk"]
[Black "Lizak, Peter"]
[Result "1-0"]
[WhiteElo "2321"]
[BlackElo "2433"]
[Annotator "ChessBase"]
[PlyCount "99"]
[EventDate "2020.12.18"]
[EventType "tourn"]
[EventCountry "NET"]
[SourceTitle "playchess.com"]
[Source "ChessBase"]
[SourceQuality "1"]

1. d4 e6 2. Nf3 b6 3. Bf4 Bb7 4. Nbd2 f5 5. e3 Nf6 6. Be2 Be7 7. h3 O-O 8. g4 Nd5 9. Bh2 f4 10. e4 Ne3 11. fxe3 fxe3 12. Nf1 Bh4+ 13. Ng3 Bxe4 14. O-O Bb7 15. Nxh4 Qxh4 16. Rxf8+ Kxf8 17. Bf3 Nc6 18. Bg2 Kg8 19. c3 Rf8 20. Qd3 Rf2 21. d5 Ne5 22. Qxe3 Rxg2+ 23. Kxg2 Bxd5+ 24. Ne4 Nc4 25. Qf4 Nd6 26. Bg3 Bxe4+ 27. Kh2 Qe7 28. Rf1 Bc6 29. Bh4 Qe8 30. Bg3 h6 31. Qd4 Qg6 32. Bxd6 cxd6 33. Rf2 Bd5 34. Qf4 Kh7 35. c4 Bc6 36. b3 Qb1 37. h4 Qh1+ 38. Kg3 Qg1+ 39. Kh3 Qh1+ 40. Kg3 Qe1 41. g5 Qg1+ 42. Kh3 Qh1+ 43. Rh2 Qd1 44. gxh6 gxh6 45. Qf7+ Kh8 46. Qf6+ Kh7 47. Rf2 Qd3+ 48. Kh2 Qg6 49. Qe7+ Qg7 50. Rf7 1-0

[Event "EOBCC 2020"]
[Site "Online"]
[Date "2020.12.18"]
[Round "9.74"]
[White "Polok, Kacper"]
[Black "Pantzar, Milton"]
[Result "1-0"]
[WhiteElo "2272"]
[BlackElo "2421"]
[Annotator "NA"]
[PlyCount "99"]
[EventDate "2020.12.18"]
[EventType "tourn"]
[EventCountry "NET"]
[SourceTitle "playchess.com"]
[Source "ChessBase"]
[SourceQuality "1"]

1. e4 c6 2. Nc3 d5 3. Nf3 dxe4 4. Nxe4 Nf6 5. Nxf6+ exf6 6. d4 Bd6 7. Bd3 O-O 8. Kf1 Bg4 9. h3 Bh5 10. g4 Bg6 11. Kg2 Nd7 12. c3 Re8 13. Bxg6 hxg6 14. Be3 Nb6 15. Qd2 Nc4 16. Qd3 Nxb2 17. Qe2 Na4 18. Qd3 Qa5 19. Rac1 Rad8 20. h4 Qd5 21. h5 Qe4 22. Qxe4 Rxe4 23. Nh2 Bxh2 24. Rxh2 Rxg4+ 25. Kf3 f5 26. hxg6 fxg6 27. c4 Nb6 28. c5 Nd5 29. Rb1 Rd7 30. a4 Re4 31. a5 a6 32. Rg2 Kf7 33. Rbg1 Re6 34. Rh2 Nf6 35. Rh8 Re8 36. Rh4 Ng4 37. Rb1 Rde7 38. Rb3 Rd7 39. Rh1 Nf6 40. Rbb1 Nd5 41. Rh7 Re6 42. Rh8 f4 43. Bd2 g5 44. Rb8 Ree7 45. Rg1 Nf6 46. Rxg5 Rxd4 47. Bxf4 Nd5 48. Bd6 Rd7 49. Rf8+ Ke6 50. Re5# 1-0

[Event "EOBCC 2020"]
[Site "Online"]
[Date "2020.12.18"]
[Round "9.75"]
[White "Fataliyeva, Ulviyya"]
[Black "Svane, Frederik"]
[Result "0-1"]
[WhiteElo "2301"]
[BlackElo "2421"]
[Annotator "NA"]
[PlyCount "52"]
[EventDate "2020.12.18"]
[EventType "tourn"]
[EventCountry "NET"]
[SourceTitle "playchess.com"]
[Source "ChessBase"]
[SourceQuality "1"]

1. d4 Nf6 2. c4 e6 3. Nc3 Bb4 4. e3 c5 5. Bd3 O-O 6. Nf3 b6 7. O-O Bb7 8. a3 Bxc3 9. bxc3 d6 10. Nd2 Nc6 11. a4 Qe7 12. f4 Rfe8 13. Ba3 Ba6 14. Kh1 Rac8 15. e4 Nd7 16. e5 dxe5 17. fxe5 Qh4 18. Rf3 h6 19. Rh3 Qf4 20. Rf3 Qg4 21. Ne4 cxd4 22. Nf6+ Nxf6 23. exf6 Ne5 24. Qd2 Nxf3 25. gxf3 Qxf3+ 26. Kg1 Bb7 0-1

[Event "EOBCC 2020"]
[Site "Online"]
[Date "2020.12.18"]
[Round "9.76"]
[White "Walter, Szymon"]
[Black "Saraci, Nderim"]
[Result "0-1"]
[WhiteElo "2281"]
[BlackElo "2415"]
[Annotator "NA"]
[PlyCount "70"]
[EventDate "2020.12.18"]
[EventType "tourn"]
[EventCountry "NET"]
[SourceTitle "playchess.com"]
[Source "ChessBase"]
[SourceQuality "1"]

1. e4 e5 2. Nf3 Nc6 3. Bb5 a6 4. Ba4 Nf6 5. O-O Be7 6. Re1 b5 7. Bb3 O-O 8. c3 d5 9. d4 exd4 10. e5 Ne4 11. cxd4 Bg4 12. Nc3 Bxf3 13. gxf3 Nxc3 14. bxc3 Na5 15. Bc2 Nc4 16. Kh1 Ba3 17. Qd3 Qh4 18. Bg5 Qh5 19. Rg1 Rfe8 20. Bf6 g6 21. Rg5 Qh6 22. Rag1 Be7 23. Qf5 Bxf6 24. Qxf6 Re6 25. Qf5 Qh4 26. R5g3 c5 27. Qd3 b4 28. dxc5 Nxe5 29. Qxd5 Rc8 30. cxb4 Qxb4 31. Bb3 Ree8 32. c6 Rxc6 33. Rg5 Rce6 34. f4 Qxf4 35. Qb7 Nf3 0-1

[Event "EOBCC 2020"]
[Site "Online"]
[Date "2020.12.18"]
[Round "9.77"]
[White "Subelj, Jan"]
[Black "Pajeken, Jakob Leon"]
[Result "1-0"]
[WhiteElo "2403"]
[BlackElo "2323"]
[Annotator "NA"]
[PlyCount "117"]
[EventDate "2020.12.18"]
[EventType "tourn"]
[EventCountry "NET"]
[SourceTitle "playchess.com"]
[Source "ChessBase"]
[SourceQuality "1"]

1. e4 e5 2. Nf3 Nc6 3. Bb5 a6 4. Ba4 Nf6 5. O-O Be7 6. d3 b5 7. Bb3 d6 8. a3 O-O 9. Nc3 Nb8 10. a4 b4 11. Ne2 Nbd7 12. Be3 a5 13. Ng3 Ng4 14. Nf5 Nxe3 15. fxe3 c6 16. d4 Nf6 17. dxe5 Nxe4 18. N3d4 Bxf5 19. Rxf5 Bg5 20. Qe2 dxe5 21. Rxe5 Re8 22. Nxc6 Qb6 23. Bxf7+ Kxf7 24. Qc4+ Kf8 25. Qxe4 Qxe3+ 26. Qxe3 Bxe3+ 27. Kh1 Rxe5 28. Nxe5 Rc8 29. b3 Rxc2 30. Nc4 Bd4 31. Rf1+ Ke7 32. Nxa5 Rc3 33. h3 Kd6 34. Rd1 Kc5 35. Nb7+ Kd5 36. Na5 Kc5 37. Rf1 Kd5 38. Rf5+ Ke4 39. Rf1 Bb6 40. Nc4 Bc7 41. a5 Rxb3 42. Nd2+ Kd3 43. Nxb3 Kc3 44. Rf3+ Kb2 45. a6 Bb6 46. g4 g5 47. Kg2 Ka3 48. Rf6 Be3 49. Re6 Ba7 50. Re7 Bb6 51. Rxh7 Kxb3 52. a7 Bxa7 53. Rxa7 Kc2 54. Rb7 b3 55. h4 gxh4 56. g5 b2 57. Rxb2+ Kxb2 58. g6 Kc3 59. g7 1-0

[Event "EOBCC 2020"]
[Site "Online"]
[Date "2020.12.18"]
[Round "9.78"]
[White "Dzida, Kamil"]
[Black "Babazada, Khazar"]
[Result "0-1"]
[WhiteElo "2239"]
[BlackElo "2409"]
[Annotator "NA"]
[PlyCount "92"]
[EventDate "2020.12.18"]
[EventType "tourn"]
[EventCountry "NET"]
[SourceTitle "playchess.com"]
[Source "ChessBase"]
[SourceQuality "1"]

1. e4 Nf6 2. e5 Nd5 3. c4 Nb6 4. d4 d6 5. exd6 cxd6 6. Nc3 g6 7. Be3 Bg7 8. Rc1 O-O 9. b3 Bf5 10. Bd3 Bxd3 11. Qxd3 d5 12. c5 Nc8 13. h4 Nc6 14. Nge2 e6 15. h5 N8e7 16. hxg6 hxg6 17. g4 e5 18. Qd2 exd4 19. Nxd4 Re8 20. Kd1 Qd7 21. f3 Rad8 22. Kc2 Nf5 23. Nxf5 gxf5 24. Bh6 Qe6 25. Bxg7 Kxg7 26. gxf5 Qxf5+ 27. Kb2 Re6 28. Rcg1+ Kf8 29. Rh8+ Ke7 30. Rxd8 Kxd8 31. Rg5 Qxf3 32. Rxd5+ Ke8 33. Rd3 Qf5 34. Nd5 Kf8 35. Nc7 Re7 36. Rd8+ Kg7 37. Ne8+ Kg6 38. Rd6+ Re6 39. Nc7 Qe5+ 40. Kb1 Qf5+ 41. Kb2 Qf6+ 42. Ka3 Rxd6 43. cxd6 Qe5 44. Qd3+ f5 45. d7 Qxc7 46. Qd5 Kf6 0-1

[Event "EOBCC 2020"]
[Site "Online"]
[Date "2020.12.18"]
[Round "9.79"]
[White "Sargsyan, Anna M."]
[Black "Smirnova, Ekaterina"]
[Result "1-0"]
[WhiteElo "2402"]
[BlackElo "2239"]
[Annotator "NA"]
[PlyCount "111"]
[EventDate "2020.12.18"]
[EventType "tourn"]
[EventCountry "NET"]
[SourceTitle "playchess.com"]
[Source "ChessBase"]
[SourceQuality "1"]

1. d4 d5 2. c4 c6 3. Nf3 Nf6 4. Nc3 e6 5. e3 a6 6. Qc2 c5 7. cxd5 exd5 8. dxc5 Bxc5 9. Bd3 Nc6 10. a3 Bg4 11. Ne2 Bd6 12. Ned4 Nxd4 13. Nxd4 O-O 14. O-O Rc8 15. Qb3 Qe7 16. Bd2 Ne4 17. Bxe4 dxe4 18. Bb4 Bxb4 19. axb4 Rfd8 20. b5 axb5 21. Qxb5 h6 22. Ra7 Rc7 23. h3 Bd7 24. Qb6 Bc6 25. Rc1 Qd6 26. b4 Rcd7 27. b5 Bd5 28. Qxd6 Rxd6 29. Nf5 Rb6 30. Rc5 Be6 31. Nd4 Kf8 32. Kh2 Rd5 33. Rc7 Rd8 34. Kg3 Rb8 35. Kf4 Bd5 36. Ke5 Be6 37. Kxe4 Re8 38. Kf3 Rb8 39. g4 Rd8 40. Raxb7 Rxb7 41. Nxe6+ fxe6 42. Rxb7 Rd5 43. b6 Rb5 44. Ke4 Rb2 45. f4 Rb5 46. h4 Kg8 47. g5 hxg5 48. hxg5 g6 49. Kd4 Kf8 50. Kc4 Rb1 51. Kc5 Rc1+ 52. Kd6 Re1 53. Rc7 Rxe3 54. b7 Rd3+ 55. Kxe6 Rb3 56. Rc8+ 1-0

[Event "EOBCC 2020"]
[Site "Online"]
[Date "2020.12.18"]
[Round "9.81"]
[White "Shubin, Kirill"]
[Black "Coenen, Michael"]
[Result "1-0"]
[WhiteElo "2441"]
[BlackElo "2362"]
[Annotator "NA"]
[PlyCount "101"]
[EventDate "2020.12.18"]
[EventType "tourn"]
[EventCountry "NET"]
[SourceTitle "playchess.com"]
[Source "ChessBase"]
[SourceQuality "1"]

1. e4 c5 2. Nf3 Nc6 3. Bb5 g6 4. Bxc6 dxc6 5. d3 Bg4 6. h3 Bxf3 7. Qxf3 Bg7 8. a4 a5 9. O-O Nf6 10. Nd2 O-O 11. Qe2 Nd7 12. Nc4 Qc7 13. f4 b5 14. Ne3 f5 15. e5 e6 16. Bd2 Rfd8 17. Kh1 Qb7 18. axb5 cxb5 19. Bxa5 Rdc8 20. Bd2 Nb6 21. Kh2 Bh6 22. g3 c4 23. dxc4 Nxc4 24. Nxc4 Rxc4 25. Be3 Rac8 26. c3 Bf8 27. Rfd1 b4 28. Bd4 bxc3 29. bxc3 Qd5 30. Rd2 Qc6 31. Rad1 Qa4 32. g4 R4c6 33. gxf5 exf5 34. e6 Bd6 35. Be5 Bxe5 36. Qxe5 Re8 37. Rd8 Qa2+ 38. R1d2 Qxd2+ 39. Rxd2 Rcxe6 40. Qd5 Kg7 41. c4 Re4 42. c5 Kh6 43. c6 Rxf4 44. c7 Rfe4 45. Qd7 R8e7 46. c8=Q Re2+ 47. Rxe2 Rxd7 48. Qxd7 f4 49. Kg2 f3+ 50. Kxf3 g5 51. Re6+ 1-0

[Event "EOBCC 2020"]
[Site "Online"]
[Date "2020.12.18"]
[Round "9.82"]
[White "Polivanov, Anatoliy"]
[Black "Koc, Przemyslaw"]
[Result "1-0"]
[WhiteElo "2452"]
[BlackElo "2346"]
[Annotator "ChessBase"]
[PlyCount "73"]
[EventDate "2020.12.18"]
[EventType "tourn"]
[EventCountry "NET"]
[SourceTitle "playchess.com"]
[Source "ChessBase"]
[SourceQuality "1"]

1. e4 c6 2. d4 d6 3. Nc3 b5 4. Nf3 Bg4 5. h3 Bxf3 6. Qxf3 e5 7. d5 a6 8. dxc6 Nxc6 9. Be3 Nf6 10. a4 b4 11. Nd5 Nxd5 12. exd5 Ne7 13. a5 Qc8 14. Rc1 f5 15. c4 f4 16. Bb6 Qb7 17. Bd3 g6 18. Be4 Nc8 19. c5 Be7 20. c6 Qb8 21. Qg4 Nxb6 22. axb6 Qxb6 23. c7 O-O 24. c8=Q Raxc8 25. Rxc8 Qd4 26. Qe6+ Kh8 27. O-O Qxe4 28. Qxe7 Rxc8 29. Qf6+ Kg8 30. Qe6+ Kg7 31. Qxc8 Qxd5 32. Rc1 f3 33. Rc7+ Kh6 34. Qf8+ Kg5 35. Qxf3 Qa5 36. Rxh7 Qa1+ 37. Kh2 1-0